AC/DC: Albums by Cover - Statistics

General Stats
  • This quiz has been taken 122 times
  • The average score is 11 of 17
Answer Stats
Picture Hint Answer % Correct
1980 Back in Black
93%
1979 Highway to Hell
93%
1975 / 1976 (International) High Voltage
84%
1990 The Razors Edge
78%
1976 Dirty Deeds Done Dirt Cheap
76%
1978 Powerage
72%
2008 Black Ice
70%
1981 For Those About to Rock We Salute You
66%
1975 T.N.T.
64%
1977 Let There Be Rock
63%
1985 Fly on the Wall
61%
2020 Power Up
61%
2014 Rock or Bust
55%
1988 Blow Up Your Video
53%
1983 Flick of the Switch
53%
1995 Ballbreaker
50%
2000 Stiff Upper Lip
49%
No matching quizzes found
Score Distribution
Percent of People with Each Score
Percentile by Number Answered
Your Score History
You have not taken this quiz